| 000 | 00662nam a2200229 a 4500 | ||
|---|---|---|---|
| 999 |
_c1254 _d1254 |
||
| 008 | 191212r20042012ii a|||g |||| 001 0 eng d | ||
| 020 |
_a9788120325555 _cRs. 450.00 |
||
| 040 |
_aKO _beng |
||
| 041 | 0 | _aeng | |
| 044 | _aii | ||
| 082 | 0 | 4 |
_223 _a657.42 _bB4698 |
| 100 | 1 | _aBhattacharyya, Asish K. | |
| 245 | 1 | 0 |
_aPrinciples and Practice of Cost Accounting / _cAsish K. Bhattacharyya |
| 250 | _a3rd ed. | ||
| 260 |
_aNew Delhi : _bPHI Learning Private Limited , _c2004, reprinted 2012. |
||
| 300 |
_axiii, 1070 p. : _bill. ; _c24 cm. |
||
| 504 | _aIncludes Index. | ||
| 650 | 0 |
_aCost Accounting _vTextbooks |
|
| 904 | _aA_BOSE | ||
| 942 | _cBK | ||